[Event "DVM U14w 2013"]
[Site "Oberbernhards-Hilders GER"]
[Date "2014.06.29"]
[Round "7"]
[White "Neumann, Isabel"]
[Black "Usczeck, Alina"]
[Result "1/2-1/2"]
[Termination "normal"]
[Board "1.1"]
[WhiteElo "1508"]
[BlackElo "1554"]
[WhiteTeam "SV 1919 Grimma"]
[BlackTeam "SV Turm Lahnstein"]
[PlyCount "83"]
[WhiteFideId "12964468"]
[BlackFideId "12938114"]
[EventCountry "GER"]
[EventRounds "7"]
[EventType "team-swiss"]
[EventDate "2013.12.26"]

1. d4 d5 2. Nf3 Nf6 3. c4 c6 4. Nc3 a6 5. e3 b5 6. cxb5 cxb5 7. g3 e6 8. Bg2
Bb7 9. O-O Nc6 10. b3 Be7 11. Bb2 O-O 12. Qe2 Rc8 13. Rfc1 Qb6 14. Ne1 Rc7 15.
Nd3 Rfc8 16. Nd1 Nd7 17. Qe1 a5 18. a3 b4 19. a4 Ba6 20. Bf1 Nd8 21. Qd2 Nb7
22. Rxc7 Rxc7 23. Rc1 Nd6 24. Rc2 Ne4 25. Qc1 Bd8 26. Rxc7 Qxc7 27. f3 Qxc1 28.
Bxc1 Nd6 29. N1f2 Bf6 30. Ng4 Be7 31. Nge5 Nxe5 32. Nxe5 Bxf1 33. Kxf1 Nb7 34.
Nc6 Bd6 35. Ke2 Kf8 36. Kd3 Ke8 37. Na7 Kd7 38. e4 f6 39. Nb5 Bb8 40. Be3 Nd6
41. Nxd6 Bxd6 42. exd5 1/2-1/2

[Event "DVM U14w 2013"]
[Site "Oberbernhards-Hilders GER"]
[Date "2014.06.29"]
[Round "7"]
[White "Ley, Sabrina"]
[Black "Peters, Theresa"]
[Result "0-1"]
[Termination "normal"]
[Board "1.2"]
[WhiteElo "1487"]
[BlackElo "1618"]
[WhiteTeam "SV Turm Lahnstein"]
[BlackTeam "SV 1919 Grimma"]
[PlyCount "74"]
[WhiteFideId "12938130"]
[BlackFideId "12952192"]
[EventCountry "GER"]
[EventRounds "7"]
[EventType "team-swiss"]
[EventDate "2013.12.26"]

1. c4 e5 2. Nc3 Nf6 3. g3 d5 4. cxd5 Nxd5 5. Bg2 Nb6 6. e3 Be7 7. Nge2 O-O 8.
O-O Nc6 9. a3 Be6 10. Qc2 Qc8 11. Re1 Rd8 12. b3 f5 13. Rd1 Bf6 14. Bb2 Na5 15.
Nc1 c5 16. d3 Be7 17. N3e2 Bd6 18. b4 cxb4 19. Qxc8 Rdxc8 20. axb4 Nc6 21. b5
Nd8 22. Nc3 Rc7 23. N1e2 Nf7 24. Rdc1 Rd7 25. d4 Bb4 26. Na4 Nc4 27. Bc3 Ba3
28. Rd1 Rad8 29. Rdb1 Be7 30. Bb4 b6 31. Bc6 Rc7 32. Bxe7 Rxe7 33. Rc1 Na5 34.
Bg2 Nb3 35. d5 Nxc1 36. Rxc1 Bxd5 37. Bxd5 Rxd5 0-1

[Event "DVM U14w 2013"]
[Site "Oberbernhards-Hilders GER"]
[Date "2014.06.29"]
[Round "7"]
[White "Könze, Heike"]
[Black "Reitz, Theresa"]
[Result "0-1"]
[Termination "normal"]
[Board "1.3"]
[WhiteElo "1471"]
[BlackElo "1308"]
[WhiteTeam "SV 1919 Grimma"]
[BlackTeam "SV Turm Lahnstein"]
[PlyCount "68"]
[WhiteFideId "12964476"]
[BlackFideId "12971901"]
[EventCountry "GER"]
[EventRounds "7"]
[EventType "team-swiss"]
[EventDate "2013.12.26"]

1. e4 c5 2. Nc3 e6 3. f4 a6 4. Nf3 b5 5. a3 Bb7 6. d3 d5 7. Bd2 Nf6 8. Be2 dxe4
9. dxe4 Nxe4 10. Nxe4 Bxe4 11. O-O Be7 12. Ne5 O-O 13. Bf3 Bxf3 14. Rxf3 Qd4+
15. Kh1 c4 16. Rh3 Bf6 17. c3 Qd5 18. Qh5 Qe4 19. Rf1 Qf5 20. Qf3 Ra7 21. Be3
Rc7 22. Bd4 Bxe5 23. Bxe5 Rd7 24. Qe2 Nc6 25. Rg3 f6 26. Rgf3 Rfd8 27. Qf2 Rd2
28. Qc5 Nxe5 29. fxe5 Qxe5 30. Qxe5 fxe5 31. h3 Rxb2 32. Ra1 Re2 33. Kh2 e4 34.
Rff1 Rdd2 0-1

[Event "DVM U14w 2013"]
[Site "Oberbernhards-Hilders GER"]
[Date "2014.06.29"]
[Round "7"]
[White "Rau, Jennifer"]
[Black "Hagenbeck-Hübert, Lara"]
[Result "0-1"]
[Termination "normal"]
[Board "1.4"]
[WhiteElo "1098"]
[BlackElo "1294"]
[WhiteTeam "SV Turm Lahnstein"]
[BlackTeam "SV 1919 Grimma"]
[PlyCount "158"]
[WhiteFideId "12983276"]
[BlackFideId "12964484"]
[EventCountry "GER"]
[EventRounds "7"]
[EventType "team-swiss"]
[EventDate "2013.12.26"]

1. e4 e5 2. Nf3 Nc6 3. Bc4 Bc5 4. d3 d6 5. Nc3 Nf6 6. Bg5 h6 7. Be3 Bb6 8. h3
Be6 9. Bb3 Qe7 10. Qd2 Ba5 11. Ba4 Bd7 12. Bxc6 bxc6 13. Qe2 Rb8 14. Bc1 O-O
15. O-O Kh8 16. Nh2 g5 17. g4 Rg8 18. f3 Bb6+ 19. Kh1 Nh7 20. Rb1 Nf8 21. Nd1
Ng6 22. Qe1 Nf4 23. Bxf4 gxf4 24. Kg2 h5 25. Rh1 Rg7 26. Kf1 hxg4 27. Nxg4 Bxg4
28. hxg4+ Kg8 29. Qh4 Qxh4 30. Rxh4 Rh7 31. Rxh7 Kxh7 32. Kg2 Kg6 33. Nc3 Bd4
34. Nd1 a5 35. a4 d5 36. c3 Bc5 37. Kf1 Be7 38. Rc1 Rh8 39. Kg2 Kf6 40. Nf2 Ke6
41. c4 dxe4 42. fxe4 Rb8 43. Rb1 Rb3 44. Kf3 Bc5 45. Nd1 Rxd3+ 46. Ke2 Rg3 47.
Nf2 Bxf2 48. Kxf2 Rxg4 49. c5 Rg3 50. Ra1 Re3 51. b4 axb4 52. a5 Ra3 53. Rb1
Rxa5 54. Rxb4 Rxc5 55. Rb7 Kd7 56. Rb1 Rc4 57. Rd1+ Rd4 58. Re1 c5 59. Kf3 Rd3+
60. Kf2 c4 61. Ke2 Re3+ 62. Kd2 Rxe1 63. Kxe1 Kd6 64. Kd2 Kc5 65. Ke2 Kd4 66.
Kd2 c3+ 67. Kd1 Kd3 68. Ke1 c2 69. Kf2 c1=Q 70. Kf3 Qe3+ 71. Kg4 Qg3+ 72. Kf5
Kd4 73. Kf6 Qg6+ 74. Ke7 f3 75. Kd7 f2 76. Kxc7 f1=Q 77. Kd7 Qb5+ 78. Kc7 Qgb6+
79. Kc8 Q5c6# 0-1

[Event "DVM U14w 2013"]
[Site "Oberbernhards-Hilders GER"]
[Date "2014.06.29"]
[Round "7"]
[White "Wächter, Nathalie"]
[Black "Moses, Selina"]
[Result "0-1"]
[Termination "normal"]
[Board "2.1"]
[WhiteElo "1733"]
[BlackElo "1723"]
[WhiteTeam "Tura Harksheide"]
[BlackTeam "SV Muldental Wilkau-Haßlau"]
[PlyCount "130"]
[WhiteFideId "12921033"]
[BlackFideId "12908070"]
[EventCountry "GER"]
[EventRounds "7"]
[EventType "team-swiss"]
[EventDate "2013.12.26"]

1. d4 Nf6 2. Nf3 g6 3. Bf4 Bg7 4. e3 O-O 5. h3 d6 6. c4 Nfd7 7. Nc3 e5 8. dxe5
dxe5 9. Bg5 f6 10. Bh4 Nc6 11. Be2 Nc5 12. Qxd8 Nxd8 13. Nd5 Nde6 14. O-O c6
15. Ne7+ Kh8 16. Nxc8 Raxc8 17. Rfd1 e4 18. Nd4 Nxd4 19. exd4 Ne6 20. Rac1 f5
21. d5 Nf4 22. Bf1 cxd5 23. g3 Nd3 24. Bxd3 exd3 25. cxd5 Rxc1 26. Rxc1 Bh6 27.
f4 Bg7 28. Rd1 Bxb2 29. Rxd3 Rf7 30. d6 Rd7 31. Kf2 Kg7 32. g4 Bf6 33. Kg3
Bxh4+ 34. Kxh4 Kf6 35. Rd5 fxg4 36. hxg4 Ke6 37. Rd2 Rxd6 38. f5+ gxf5 39.
gxf5+ Ke7 40. Rc2 Kf6 41. Rc7 Rb6 42. Rxh7 Kxf5 43. Kg3 Ke4 44. Rd7 a5 45. Re7+
Kd4 46. Kf3 Rb2 47. Re4+ Kc5 48. Re5+ Kb4 49. a3+ Ka4 50. Ke3 Rb3+ 51. Kd4 Rxa3
52. Kc4 Ra1 53. Kc3 b5 54. Kb2 Rf1 55. Re4+ b4 56. Rg4 Rf2+ 57. Kb1 Ka3 58.
Rg3+ b3 59. Rg1 a4 60. Rh1 Rf3 61. Re1 Rf4 62. Rg1 Kb4 63. Kb2 a3+ 64. Kc1 a2
65. Kd2 b2 0-1

[Event "DVM U14w 2013"]
[Site "Oberbernhards-Hilders GER"]
[Date "2014.06.29"]
[Round "7"]
[White "Simon, Tessa"]
[Black "Köhler, Inken"]
[Result "1-0"]
[Termination "normal"]
[Board "2.2"]
[WhiteElo "1620"]
[BlackElo "1618"]
[WhiteTeam "SV Muldental Wilkau-Haßlau"]
[BlackTeam "Tura Harksheide"]
[PlyCount "81"]
[WhiteFideId "12929395"]
[BlackFideId "12929301"]
[EventCountry "GER"]
[EventRounds "7"]
[EventType "team-swiss"]
[EventDate "2013.12.26"]

1. e4 c5 2. Nf3 e6 3. d4 cxd4 4. Nxd4 Nf6 5. Nc3 Nc6 6. Ndb5 Bc5 7. Bf4 O-O 8.
Bc7 Qe7 9. Bd6 Bxd6 10. Qxd6 Qd8 11. Nc7 Ne8 12. Nxe8 Rxe8 13. Nb5 Rb8 14.
O-O-O Qb6 15. Qg3 d5 16. exd5 exd5 17. Nd6 Rd8 18. Rxd5 Nb4 19. Nc4 Qh6+ 20.
Rd2 Bf5 21. Ne3 Rbc8 22. Rxd8+ Rxd8 23. f4 Qd6 24. Qxg7+ Kxg7 25. Nxf5+ Kf6 26.
Nxd6 Rxd6 27. a3 Nd5 28. g3 h5 29. Bg2 b5 30. Rd1 Ke6 31. Bxd5+ Rxd5 32. Rxd5
Kxd5 33. Kd2 Ke4 34. Ke2 f5 35. b3 a5 36. c3 Kd5 37. Kd3 Kc5 38. b4+ axb4 39.
axb4+ Kd5 40. h3 Kd6 41. Kd4 1-0

[Event "DVM U14w 2013"]
[Site "Oberbernhards-Hilders GER"]
[Date "2014.06.29"]
[Round "7"]
[White "Giede, Anna-Blume"]
[Black "Fromm, Katja"]
[Result "0-1"]
[Termination "normal"]
[Board "2.3"]
[WhiteElo "1453"]
[BlackElo "1595"]
[WhiteTeam "Tura Harksheide"]
[BlackTeam "SV Muldental Wilkau-Haßlau"]
[PlyCount "40"]
[WhiteFideId "12921980"]
[BlackFideId "12929409"]
[EventCountry "GER"]
[EventRounds "7"]
[EventType "team-swiss"]
[EventDate "2013.12.26"]

1. e4 c6 2. c4 d5 3. exd5 cxd5 4. Nf3 Nf6 5. Nc3 Nc6 6. h3 d4 7. Ne2 e5 8. d3
Bf5 9. Ng3 Bg6 10. Nh4 Bd6 11. Ngf5 O-O 12. Be2 Re8 13. O-O e4 14. dxe4 Nxe4
15. Nxg6 hxg6 16. Nxd4 Nxd4 17. Qxd4 Bh2+ 18. Kxh2 Qxd4 19. f4 Nd2 20. Bxd2
Qxd2 0-1

[Event "DVM U14w 2013"]
[Site "Oberbernhards-Hilders GER"]
[Date "2014.06.29"]
[Round "7"]
[White "Böhle, Rebecca"]
[Black "Rosinski, Marietta"]
[Result "1-0"]
[Termination "normal"]
[Board "2.4"]
[WhiteElo "1337"]
[BlackElo "770"]
[WhiteTeam "SV Muldental Wilkau-Haßlau"]
[BlackTeam "Tura Harksheide"]
[PlyCount "95"]
[WhiteFideId "12963933"]
[BlackFideId "12980250"]
[EventCountry "GER"]
[EventRounds "7"]
[EventType "team-swiss"]
[EventDate "2013.12.26"]

1. e4 e5 2. Nf3 Nc6 3. Nc3 Nf6 4. Be2 Bc5 5. d3 d6 6. Bg5 O-O 7. Nd5 Re8 8.
Nxf6+ gxf6 9. Bh6 d5 10. c3 Bf8 11. Bxf8 Kxf8 12. Qd2 Ke7 13. exd5 Qxd5 14. b4
Be6 15. c4 Qd6 16. b5 Nd4 17. Nxd4 Qxd4 18. Qb4+ c5 19. bxc6+ Kd8 20. Rb1 bxc6
21. Qa5+ Ke7 22. Qa3+ c5 23. O-O Rg8 24. Bf3 Bf5 25. Bxa8 Rxa8 26. Rb7+ Kf8 27.
Rxa7 Rxa7 28. Qxa7 Qxd3 29. Qxc5+ Kg7 30. a4 Qd4 31. Qxd4 exd4 32. Rd1 Bd7 33.
a5 Bc6 34. Rxd4 Kf8 35. Rd6 Bb7 36. a6 Bxa6 37. Rxa6 Ke7 38. c5 Kd7 39. Rxf6
Ke7 40. Rd6 h5 41. Rd3 f5 42. c6 Kf6 43. c7 Kg5 44. c8=Q h4 45. Qe6 Kg4 46. Rf3
h3 47. Qxf5+ Kh4 48. g3# 1-0

[Event "DVM U14w 2013"]
[Site "Oberbernhards-Hilders GER"]
[Date "2014.06.29"]
[Round "7"]
[White "Gatzke, Carolin"]
[Black "Poetsch, Leonore"]
[Result "1-0"]
[Termination "normal"]
[Board "3.1"]
[WhiteElo "1731"]
[BlackElo "1477"]
[WhiteTeam "SK Blauer Springer Paderborn"]
[BlackTeam "SK Langen"]
[PlyCount "31"]
[WhiteFideId "12943746"]
[BlackFideId "12940372"]
[EventCountry "GER"]
[EventRounds "7"]
[EventType "team-swiss"]
[EventDate "2013.12.26"]

1. e4 e6 2. d3 d5 3. Nd2 Nf6 4. Ngf3 c5 5. g3 Nc6 6. Bg2 d4 7. O-O e5 8. Nc4
Bd6 9. a4 b6 10. Nh4 O-O 11. Nxd6 Qxd6 12. f4 Bg4 13. Bf3 Bxf3 14. Qxf3 Nd7 15.
Qg4 f6 16. Nf5 1-0

[Event "DVM U14w 2013"]
[Site "Oberbernhards-Hilders GER"]
[Date "2014.06.29"]
[Round "7"]
[White "Reinecke, Katharina"]
[Black "Möller, Lisa-Marie"]
[Result "1/2-1/2"]
[Termination "normal"]
[Board "3.2"]
[WhiteElo "1583"]
[BlackElo "1453"]
[WhiteTeam "SK Langen"]
[BlackTeam "SK Blauer Springer Paderborn"]
[PlyCount "49"]
[WhiteFideId "12929727"]
[BlackFideId "12959367"]
[EventCountry "GER"]
[EventRounds "7"]
[EventType "team-swiss"]
[EventDate "2013.12.26"]

1. d4 c5 2. Nf3 cxd4 3. Nxd4 d5 4. Nc3 e5 5. Nf3 d4 6. Ne4 f5 7. Bg5 Qa5+ 8.
Ned2 h6 9. Bh4 g5 10. Nxg5 hxg5 11. Bxg5 Be7 12. Bxe7 Nxe7 13. e3 dxe3 14. fxe3
Be6 15. Qf3 Bd5 16. Qf2 Nbc6 17. a3 O-O-O 18. O-O-O Qb6 19. Re1 f4 20. Nc4 Qc5
21. b4 fxe3 22. Qxe3 Qxe3+ 23. Nxe3 Rhf8 24. Bd3 e4 25. Nxd5 1/2-1/2

[Event "DVM U14w 2013"]
[Site "Oberbernhards-Hilders GER"]
[Date "2014.06.29"]
[Round "7"]
[White "Schmidtmann, Samantha"]
[Black "Flach, Helene"]
[Result "0-1"]
[Termination "normal"]
[Board "3.3"]
[WhiteElo "1368"]
[BlackElo "1323"]
[WhiteTeam "SK Blauer Springer Paderborn"]
[BlackTeam "SK Langen"]
[PlyCount "80"]
[WhiteFideId "12956759"]
[BlackFideId "12929735"]
[EventCountry "GER"]
[EventRounds "7"]
[EventType "team-swiss"]
[EventDate "2013.12.26"]

1. e4 c5 2. Nf3 e6 3. d4 cxd4 4. Nxd4 a6 5. Nc3 Qc7 6. Be3 b5 7. Nce2 Bb7 8.
Ng3 Nf6 9. Bd3 d5 10. exd5 Nxd5 11. Nf3 Nxe3 12. fxe3 Nd7 13. Qe2 Be7 14. O-O
O-O 15. Be4 Nb6 16. Bxb7 Qxb7 17. e4 Rac8 18. b3 Qc7 19. Rac1 Ba3 20. Rcd1 Qxc2
21. Rd2 Qc7 22. Nd4 Rfd8 23. Rfd1 Qe5 24. Nf3 Rxd2 25. Rxd2 Rc1+ 26. Rd1 Bc5+
27. Kh1 Qa1 28. Re1 Rxe1+ 29. Qxe1 Qxe1+ 30. Nxe1 Kf8 31. Nf3 Ke7 32. h4 g6 33.
Kh2 f5 34. e5 Nd5 35. Ne2 Ba3 36. Kg1 Nb4 37. Nc3 Bb2 38. Nd1 Ba1 39. a4 bxa4
40. bxa4 Nd3 0-1

[Event "DVM U14w 2013"]
[Site "Oberbernhards-Hilders GER"]
[Date "2014.06.29"]
[Round "7"]
[White "Baratonlieva, Elvana"]
[Black "Walow, Xenia"]
[Result "0-1"]
[Termination "normal"]
[Board "3.4"]
[WhiteElo "1030"]
[BlackElo "1352"]
[WhiteTeam "SK Langen"]
[BlackTeam "SK Blauer Springer Paderborn"]
[PlyCount "64"]
[WhiteFideId "12964751"]
[BlackFideId "12971839"]
[EventCountry "GER"]
[EventRounds "7"]
[EventType "team-swiss"]
[EventDate "2013.12.26"]

1. d4 d5 2. g3 Nf6 3. Nf3 Bf5 4. Nbd2 e6 5. b3 Bd6 6. a3 Nbd7 7. Bg2 c6 8. c4
Qe7 9. c5 Bc7 10. b4 O-O 11. O-O e5 12. Nh4 Be6 13. e4 dxe4 14. Nxe4 exd4 15.
Ng5 Rfe8 16. Re1 Rad8 17. Nhf3 a5 18. Qxd4 Ne5 19. Qc3 Nd5 20. Qc2 Nxf3+ 21.
Bxf3 g6 22. Qb2 Qd7 23. Ne4 Bf5 24. Rb1 Be5 25. Qb3 axb4 26. axb4 Nc3 27. Rb2
Nxe4 28. Rbe2 Be6 29. Qc2 f5 30. Bxe4 fxe4 31. Bg5 Ra8 32. Qxe4 Bg7 0-1

[Event "DVM U14w 2013"]
[Site "Oberbernhards-Hilders GER"]
[Date "2014.06.29"]
[Round "7"]
[White "Schmidt, Alexandra"]
[Black "Du, Katharina"]
[Result "1/2-1/2"]
[Termination "normal"]
[Board "4.2"]
[WhiteElo "1512"]
[BlackElo "1513"]
[WhiteTeam "Schachgemeinschaft Leipzig"]
[BlackTeam "SV Empor Berlin"]
[PlyCount "96"]
[WhiteFideId "12946036"]
[BlackFideId "12945757"]
[EventCountry "GER"]
[EventRounds "7"]
[EventType "team-swiss"]
[EventDate "2013.12.26"]

1. e4 c5 2. Nc3 Nc6 3. Bb5 g6 4. f4 a6 5. Bxc6 bxc6 6. Nf3 d5 7. d3 Bg7 8. O-O
Nf6 9. Qe1 O-O 10. Qh4 Rb8 11. f5 Bb7 12. fxg6 fxg6 13. Bh6 Nh5 14. Bxg7 Kxg7
15. g4 Nf4 16. Ng5 h6 17. Rxf4 hxg5 18. Qxg5 Rxf4 19. Qxf4 Qf8 20. Qe5+ Kh7 21.
Rf1 Qh8 22. Qxe7+ Kh6 23. Qxc5 Qe5 24. Rf7 Qg5 25. Qf2 Qxg4+ 26. Qg3 Bc8 27.
Qxg4 Bxg4 28. b3 d4 29. Na4 Bd1 30. Rf2 Kg7 31. Nc5 Bg4 32. Nxa6 Ra8 33. Nb4 c5
34. Nd5 Rxa2 35. Rd2 Be6 36. Nf4 Bxb3 37. Nxg6 Rxc2 38. Rxc2 Bxc2 39. Nf4 Kf7
40. Kf2 c4 41. dxc4 Bxe4 42. Ke2 Ke7 43. Kf2 Kd6 44. h4 Kc5 45. h5 Bh7 46. h6
Kxc4 47. Kf3 d3 48. Nxd3 Kxd3 1/2-1/2

[Event "DVM U14w 2013"]
[Site "Oberbernhards-Hilders GER"]
[Date "2014.06.29"]
[Round "7"]
[White "Berdin, Victoria"]
[Black "Kahle, Leonie"]
[Result "0-1"]
[Termination "normal"]
[Board "4.3"]
[WhiteElo "1469"]
[BlackElo "1365"]
[WhiteTeam "SV Empor Berlin"]
[BlackTeam "Schachgemeinschaft Leipzig"]
[PlyCount "142"]
[BlackFideId "12983306"]
[EventCountry "GER"]
[EventRounds "7"]
[EventType "team-swiss"]
[EventDate "2013.12.26"]

1. e4 c5 2. Nf3 Nc6 3. c3 Nf6 4. Qc2 g6 5. Be2 Bg7 6. O-O O-O 7. d4 cxd4 8.
cxd4 d6 9. Nc3 Bg4 10. Be3 Nd7 11. Rad1 Nb6 12. h3 Bxf3 13. Bxf3 Nc4 14. b3 Nb6
15. g3 e6 16. Bg2 d5 17. e5 f6 18. f4 a6 19. h4 Nc8 20. Qe2 N8e7 21. Bh3 Nf5
22. Bf2 b5 23. Kh1 fxe5 24. dxe5 Re8 25. Rg1 Bf8 26. g4 Ng7 27. h5 gxh5 28.
gxh5 Kh8 29. Qg4 h6 30. Bh4 Qd7 31. Bf6 Ra7 32. Qg6 Qf7 33. Qxh6+ Kg8 34. Qg5
Kh7 35. Qg6+ Qxg6 36. hxg6+ Kg8 37. Rd2 Nh5 38. Rg4 Be7 39. Bh4 Rc7 40. Ne2 Nb4
41. Bf2 Kg7 42. Rg1 Rc6 43. Be3 Bc5 44. Bxc5 Rxc5 45. Rg5 Kh6 46. Rg4 Rc2 47.
Rxc2 Nxc2 48. Rg1 Ng7 49. Nc1 Nd4 50. Nd3 Ne2 51. Rg2 Nd4 52. Nc5 a5 53. Rg4
Ndf5 54. Bf1 b4 55. Nd7 Rc8 56. Rg2 Rc3 57. Nf6 Rg3 58. Kh2 Rxg2+ 59. Kxg2 Ne3+
60. Kg1 Nxf1 61. Kxf1 Kxg6 62. Kf2 Nh5 63. Nxh5 Kxh5 64. Kf3 Kh4 65. Kf2 Kg4
66. Ke3 d4+ 67. Kxd4 Kxf4 68. Kc5 Kxe5 69. Kb5 Kd4 70. Kxa5 e5 71. Kxb4 e4 0-1

[Event "DVM U14w 2013"]
[Site "Oberbernhards-Hilders GER"]
[Date "2014.06.29"]
[Round "7"]
[White "Oswald, Lena"]
[Black "Dinh, Vivien Havy"]
[Result "1-0"]
[Termination "normal"]
[Board "4.4"]
[WhiteElo "1045"]
[BlackElo "1140"]
[WhiteTeam "Schachgemeinschaft Leipzig"]
[BlackTeam "SV Empor Berlin"]
[PlyCount "79"]
[WhiteFideId "12983314"]
[EventCountry "GER"]
[EventRounds "7"]
[EventType "team-swiss"]
[EventDate "2013.12.26"]

1. e4 e5 2. Nf3 Nc6 3. Bc4 Bc5 4. Nc3 Nf6 5. d3 d6 6. Bg5 Be6 7. Bb3 O-O 8. Qd2
Nd4 9. Nxd4 Bxd4 10. O-O-O c6 11. h4 h6 12. Be3 b5 13. Bxd4 exd4 14. Ne2 c5 15.
Bxe6 fxe6 16. f4 a5 17. Rdg1 Ng4 18. Rf1 Ne3 19. Rf2 b4 20. h5 a4 21. g4 Nxg4
22. Rg2 Ne3 23. Rg3 a3 24. b3 d5 25. Rhg1 Ra7 26. Rg6 Qb6 27. Rxh6 Rff7 28.
Rhg6 Kf8 29. h6 gxh6 30. Rxh6 Rh7 31. Rgh1 Rxh6 32. Rxh6 Kg7 33. Rh1 Qc6 34.
Qe1 dxe4 35. Qg3+ Kf8 36. Rh8+ Ke7 37. Qg7+ Kd6 38. Qxa7 exd3 39. Rd8+ Qd7 40.
Qxd7# 1-0

[Event "DVM U14w 2013"]
[Site "Oberbernhards-Hilders GER"]
[Date "2014.06.29"]
[Round "7"]
[White "Shvartsman, Kristina"]
[Black "Sadewasser, Lucie"]
[Result "0-1"]
[Termination "normal"]
[Board "5.1"]
[WhiteElo "1163"]
[BlackElo "1542"]
[WhiteTeam "SK Gräfelfing"]
[BlackTeam "TSG Gadebusch"]
[PlyCount "118"]
[WhiteFideId "12983438"]
[BlackFideId "12905445"]
[EventCountry "GER"]
[EventRounds "7"]
[EventType "team-swiss"]
[EventDate "2013.12.26"]

1. e4 e5 2. Nf3 Nc6 3. Bc4 Nf6 4. d3 h6 5. Be3 Bb4+ 6. c3 Ba5 7. h3 Bb6 8. Nbd2
d6 9. Qe2 Qe7 10. O-O-O Be6 11. Bxe6 Qxe6 12. Kb1 a6 13. Rhf1 Ba7 14. Nh2 b5
15. Nb3 a5 16. Bxa7 Rxa7 17. d4 Qc4 18. Qe3 Ne7 19. dxe5 Qxe4+ 20. Qxe4 Nxe4
21. f3 Ng3 22. Rfe1 d5 23. Ng4 O-O 24. Nc5 c6 25. e6 f6 26. Rd3 Nh5 27. Rd4 Nf5
28. Rd2 Re8 29. Nh2 Nf4 30. g4 Nh4 31. Kc2 Nxh3 32. Nb3 Ng5 33. Nd4 Rc7 34. f4
Ne4 35. Rd3 Ng6 36. Rf3 Nh4 37. Rh3 Ng6 38. f5 Ne5 39. Rg1 Nf2 40. Re3 Ne4 41.
Nhf3 Nc4 42. Re2 Ncd6 43. Nb3 Ra7 44. Nfd4 a4 45. Nd2 Nxd2 46. Kxd2 Rc7 47. Kc2
c5 48. Nf3 Nc4 49. Nh4 Ne5 50. Rd1 d4 51. Re4 d3+ 52. Kd2 Nc4+ 53. Kc1 Ne5 54.
Kd2 Rd8 55. Rf4 Nc4+ 56. Kc1 d2+ 57. Kb1 Ne3 58. Re4 Nxd1 59. e7 Nxc3+ 0-1

[Event "DVM U14w 2013"]
[Site "Oberbernhards-Hilders GER"]
[Date "2014.06.29"]
[Round "7"]
[White "Dorendorf, Lena"]
[Black "Joebges, Julia"]
[Result "0-1"]
[Termination "normal"]
[Board "5.2"]
[WhiteElo "1160"]
[BlackElo "1281"]
[WhiteTeam "TSG Gadebusch"]
[BlackTeam "SK Gräfelfing"]
[PlyCount "64"]
[WhiteFideId "12983373"]
[BlackFideId "12983446"]
[EventCountry "GER"]
[EventRounds "7"]
[EventType "team-swiss"]
[EventDate "2013.12.26"]

1. e4 e5 2. Nf3 Nc6 3. Nc3 Nf6 4. Bb5 d6 5. d3 Be7 6. d4 exd4 7. Nxd4 Bd7 8.
Bf4 O-O 9. Qd3 Re8 10. Bc4 Nb4 11. Qd2 Nc6 12. Qe3 Ng4 13. Qd3 Nge5 14. Bxe5
Nxe5 15. Qe2 c6 16. Nf3 Ng6 17. Nd1 d5 18. Bd3 dxe4 19. Bxe4 Nf4 20. Qc4 Nxg2+
21. Ke2 Nf4+ 22. Ke1 Ng6 23. Ne3 Bf6 24. Bxg6 hxg6 25. c3 Qb6 26. Qe2 Bg4 27.
Rb1 Bxc3+ 28. Kf1 Bd4 29. Kg2 Bxe3 30. fxe3 Rxe3 31. Qf1 Bxf3+ 32. Kg3 Be2+ 0-1

[Event "DVM U14w 2013"]
[Site "Oberbernhards-Hilders GER"]
[Date "2014.06.29"]
[Round "7"]
[White "Khamenya, Vitalia"]
[Black "Lübbert, Charline"]
[Result "1-0"]
[Termination "normal"]
[Board "5.3"]
[WhiteElo "1222"]
[BlackElo "1166"]
[WhiteTeam "SK Gräfelfing"]
[BlackTeam "TSG Gadebusch"]
[PlyCount "105"]
[WhiteFideId "12959260"]
[BlackFideId "12983381"]
[EventCountry "GER"]
[EventRounds "7"]
[EventType "team-swiss"]
[EventDate "2013.12.26"]

1. g3 d5 2. Bg2 Nf6 3. d3 e5 4. Nd2 Nc6 5. e3 Bc5 6. h3 Be6 7. Ne2 Nd7 8. a3 f5
9. b3 Qf6 10. Bb2 O-O-O 11. b4 Bb6 12. Nb3 Rhg8 13. g4 g5 14. Qd2 f4 15. exf4
gxf4 16. Bf3 a6 17. a4 Qf7 18. b5 axb5 19. axb5 Na7 20. Qb4 d4 21. Na5 Bd5 22.
Be4 Bxe4 23. dxe4 f3 24. Nc1 Nc5 25. Nc4 Qf6 26. Nb3 Nxe4 27. Nba5 Bc5 28. Qa4
Nc3 29. Bxc3 dxc3 30. Nb3 Bb6 31. Nxb6+ Qxb6 32. Qxa7 Qxa7 33. Rxa7 b6 34. O-O
Kb8 35. Rfa1 Kc8 36. Ra8+ Kd7 37. Rd1+ Ke7 38. Raxd8 Rxd8 39. Rxd8 Kxd8 40. Kf1
Kd7 41. Nc1 e4 42. Na2 c6 43. Nxc3 cxb5 44. Nxe4 Kc6 45. Nd2 Kc5 46. Ke1 b4 47.
h4 Kd4 48. Nxf3+ Kc3 49. Kd1 b3 50. cxb3 Kxb3 51. g5 b5 52. h5 Kb2 53. g6 1-0

[Event "DVM U14w 2013"]
[Site "Oberbernhards-Hilders GER"]
[Date "2014.06.29"]
[Round "7"]
[White "Schutrak, Svenja"]
[Black "Shvartsman, Julia"]
[Result "0-1"]
[Termination "normal"]
[Board "5.4"]
[WhiteElo "829"]
[BlackElo "911"]
[WhiteTeam "TSG Gadebusch"]
[BlackTeam "SK Gräfelfing"]
[PlyCount "28"]
[WhiteFideId "12983403"]
[BlackFideId "12983454"]
[EventCountry "GER"]
[EventRounds "7"]
[EventType "team-swiss"]
[EventDate "2013.12.26"]

1. e4 e5 2. Nf3 d6 3. d3 Bg4 4. Be2 Nd7 5. Nc3 Ngf6 6. Bg5 Be7 7. h3 Be6 8. Qd2
c6 9. d4 Qc7 10. O-O-O Qa5 11. Kb1 d5 12. dxe5 dxe4 13. Nxe4 Qxa2+ 14. Kc1 Qa1#
0-1

[Event "DVM U14w 2013"]
[Site "Oberbernhards-Hilders GER"]
[Date "2014.06.29"]
[Round "7"]
[White "Semenova, Alisa"]
[Black "Kluge, Leyla"]
[Result "1-0"]
[Termination "normal"]
[Board "6.1"]
[WhiteElo "1586"]
[BlackElo "1691"]
[WhiteTeam "SK Neumarkt"]
[BlackTeam "USG Chemnitz"]
[PlyCount "99"]
[WhiteFideId "1272132"]
[BlackFideId "12918172"]
[EventCountry "GER"]
[EventRounds "7"]
[EventType "team-swiss"]
[EventDate "2013.12.26"]

1. e4 c5 2. Nc3 Nc6 3. d3 g6 4. Be3 d6 5. d4 Qb6 6. Nd5 Qa5+ 7. Bd2 Qd8 8. dxc5
dxc5 9. Bc3 e5 10. Bb5 Bg7 11. Nf3 Bd7 12. Qe2 Nge7 13. Qe3 Nd4 14. Bxd7+ Qxd7
15. Bxd4 exd4 16. Qb3 Nxd5 17. exd5 Rd8 18. d6 Qe6+ 19. Kf1 Qxb3 20. axb3 a6
21. Ra5 Rxd6 22. Rxc5 O-O 23. Ke2 Rfd8 24. Kd3 Re6 25. Re1 Bh6 26. Rce5 Rxe5
27. Nxe5 Bg7 28. Nf3 f5 29. Re7 b5 30. Re6 Ra8 31. Rd6 a5 32. Nxd4 Be5 33. Rd5
Bxh2 34. Nxb5 Bf4 35. Na3 a4 36. bxa4 Rxa4 37. Rd4 Rxd4+ 38. Kxd4 Kf7 39. Kd5
Ke7 40. b4 Kd7 41. c4 Bc1 42. Nc2 g5 43. Ke5 f4 44. Kf5 h5 45. f3 g4 46. fxg4
f3 47. gxf3 h4 48. Nd4 Be3 49. Ne2 Bf2 50. Nf4 1-0